De pura cepa / (Registro nro. 30708)
[ vista simple ]
| 000 -CABECERA | |
|---|---|
| campo de control de longitud fija | 00758nam a2200229 a 4500 |
| 001 - NÚMERO DE CONTROL | |
| campo de control | 000031216 |
| 003 - IDENTIFICADOR DEL NÚMERO DE CONTROL | |
| campo de control | DO-SdBNP |
| 005 - FECHA Y HORA DE LA ÚLTIMA TRANSACCIÓN | |
| campo de control | 20240412074255.0 |
| 008 - DATOS DE LONGITUD FIJA--INFORMACIÓN GENERAL | |
| campo de control de longitud fija | 110614s1927 dr r 000 j spa d |
| 040 ## - FUENTE DE LA CATALOGACIÓN | |
| Centro catalogador/agencia de origen | DO-SdBNP |
| Lengua de catalogación | spa |
| Centro/agencia transcriptor | BNPHU |
| 082 ## - NÚMERO DE LA CLASIFICACIÓN DECIMAL DEWEY | |
| Número de clasificación | RD863.4 |
| Número de documento/Ítem | P592d |
| 100 1# - ENTRADA PRINCIPAL--NOMBRE DE PERSONA | |
| Nombre de persona | Pichardo, José María |
| Fechas asociadas al nombre | 1888-1964. |
| 9 (RLIN) | 57687 |
| 245 10 - MENCIÓN DE TÍTULO | |
| Título | De pura cepa / |
| Mención de responsabilidad, etc. | José María Pichardo ; prólogo de M. A. Patín Maceo. |
| 260 ## - PUBLICACIÓN, DISTRIBUCIÓN, ETC. | |
| Lugar de publicación, distribución, etc. | Santo Domingo : |
| Nombre del editor, distribuidor, etc. | Imprenta de J. R. Vda. García Sucesores, |
| Fecha de publicación, distribución, etc. | 1927. |
| 300 ## - DESCRIPCIÓN FÍSICA | |
| Extensión | 175 p. ; |
| Dimensiones | 22 cm. |
| 590 ## - NOTA LOCAL (RLIN) | |
| Nota local | Inventariado, 2018/LP |
| 650 #0 - PUNTO DE ACCESO ADICIONAL DE MATERIA--TÉRMINO DE MATERIA | |
| Término de materia o nombre geográfico como elemento de entrada | Cuentos dominicanos |
| 9 (RLIN) | 176 |
| 650 #0 - PUNTO DE ACCESO ADICIONAL DE MATERIA--TÉRMINO DE MATERIA | |
| Término de materia o nombre geográfico como elemento de entrada | Literatura dominicana. |
| 9 (RLIN) | 67 |
| 700 1# - PUNTO DE ACCESO ADICIONAL--NOMBRE DE PERSONA | |
| Nombre de persona | Patín Maceo, M. A., |
| Término indicativo de función/relación | pról. |
| 9 (RLIN) | 57688 |
| 910 ## - DATOS DE OPCIÓN DEL USUARIO (OCLC) | |
| Datos de opción del usuario | Validado. Control de calidad MFF |
| 942 ## - ELEMENTOS DE PUNTO DE ACCESO ADICIONAL (KOHA) | |
| Fuente del sistema de clasificación o colocación | Dewey Decimal Classification |
| Tipo de ítem Koha | Libro |
| Estado de retiro | Estado de pérdida | Restricciones de uso | No para préstamo | Código de colección | Localización permanente | Ubicación/localización actual | Ubicación en estantería | Fecha de adquisición | Número de inventario | Total de préstamos | Signatura topográfica completa | Código de barras | Fecha visto por última vez | Precio válido a partir de | Tipo de ítem Koha | Nota pública | Número de copia | Fuente del sistema de clasificación o colocación |
|---|---|---|---|---|---|---|---|---|---|---|---|---|---|---|---|---|---|---|
| Préstamo en sala | Raros y valiosos | General | Biblioteca Nacional Pedro Henríquez Ureña | Depósito | 24.08.2018 | BNPHU DS-RV RD863.4 P592d | 31216-30 | 25.06.2020 | 25.06.2020 | Libro | Perteneció a la biblioteca personal de Federico H. y Carvajal. | e. 3 | Dewey Decimal Classification | |||||
| Excluido de préstamo | Raros y valiosos | General | General | Depósito | 14.06.2011 | LF1 | RD863.4 P592d | 31216-10 | 25.06.2020 | 25.06.2020 | No se presta | Perteneció a la biblioteca personal de Julio Ortega Frier. Dedicado. | ||||||
| Excluido de préstamo | Raros y valiosos | General | General | Depósito | 15.06.2011 | LF1 | RD863.4 P592d | 31216-20 | 25.06.2020 | 25.06.2020 | No se presta | Perteneció a la biblioteca personal de Carlos Larrabazal Blanco. | e. 2 | |||||
| Raros y valiosos | General | General | Depósito | 28.08.2018 | LF1 | RD863.4 P592d | 31216-40 | 25.06.2020 | 25.06.2020 | Préstamo en sala | e. 4 |
